CSR je mrtvé. Ať žije CSR! Co je sdílená odpovědnost?
Spoločenská zodpovednosť vo firme, zdieľaná zodpovednosť. Rozhodnutie o smerovaní stratégie CSR by malo vychádzať z iniciatívy vrcholového vedenia, ktoré ho včlení do hlavnej stratégie firmy. CSR zahŕňa velmi široké spektrum aktivít a niektoré prínosy sa prejavia až za niekoľko rokov kontinuálnej pr...
Guardado en:
| Autor principal: | |
|---|---|
| Formato: | Capítulo de libro |
| Lenguaje: | checo |
| Materias: | |
| Etiquetas: |
Sin Etiquetas, Sea el primero en etiquetar este registro!
|
MARC
| LEADER | 00000naa a2200000 4500 | ||
|---|---|---|---|
| 001 | 0135752 | ||
| 005 | 20231019115631.7 | ||
| 041 | 0 | |a cze | |
| 044 | |a CZ | ||
| 245 | 1 | 0 | |a CSR je mrtvé. Ať žije CSR! Co je sdílená odpovědnost? |c Jiří Zouhar |
| 520 | |a Spoločenská zodpovednosť vo firme, zdieľaná zodpovednosť. Rozhodnutie o smerovaní stratégie CSR by malo vychádzať z iniciatívy vrcholového vedenia, ktoré ho včlení do hlavnej stratégie firmy. CSR zahŕňa velmi široké spektrum aktivít a niektoré prínosy sa prejavia až za niekoľko rokov kontinuálnej práce. | ||
| 610 | 2 | 0 | |a firmy |
| 610 | 2 | 0 | |a zodpovednosť spoločenská |
| 100 | 1 | |a Zouhar, Jiří | |